Countries Closest to Ecuador - Statistics

General Stats
  • This quiz has been taken 79 times
  • The average score is 17 of 20
Answer Stats
Distance (mi) Answer Distance (km) % Correct
302 Brazil 486
100%
0 Peru 0
100%
549 Venezuela 883
100%
765 Bolivia 1,231
98%
1,072 Chile 1,726
98%
0 Colombia 0
98%
404 Panama 650
96%
1,043 Guyana 1,679
92%
888 Mexico 1,429
90%
726 Nicaragua 1,168
90%
421 Costa Rica 678
88%
853 Honduras 1,372
88%
1,000 Belize 1,609
83%
828 El Salvador 1,333
83%
843 Guatemala 1,357
83%
1,151 Trinidad and Tobago 1,852
77%
1,211 Dominican Republic 1,948
69%
1,194 Haiti 1,921
69%
1,129 Jamaica 1,817
69%
936 Aruba (Netherlands) 1,506
52%
No matching quizzes found
Score Distribution
Percent of People with Each Score
Percentile by Number Answered
Your Score History
You have not taken this quiz